BEHAVIOURAL and network impacts of driver information system
Tallennettuna:
| Aineistotyyppi: | Kirja |
|---|---|
| Kieli: | englanti |
| Julkaistu: |
Routledge
2020
|
| Tagit: |
Lisää tagi
Ei tageja, Lisää ensimmäinen tagi!
|
MARC
| LEADER | 00000nam a22000007a 4500 | ||
|---|---|---|---|
| 008 | 240522b |||||||| |||| 00| 0 eng d | ||
| 020 | |a 9780815359777 | ||
| 245 | |a BEHAVIOURAL and network impacts of driver information system |c /edited by Richard Emmerink and Peter Nijkamp |g xix, 426p;ill | ||
| 250 | |c Nijkamp, Peter | ||
| 250 | |c Emmerink, Richard | ||
| 260 | |b Routledge |c 2020 |h London |i 700790 |l TE228.3.B38 |m Intelligent transportation systems |m Automobile- drivers- Psychology |m Automobile driving | ||
| 942 | |a lcc |c BK |e Johnson |f 22/05/24 | ||
| 952 | |0 0 |1 0 |2 lcc |4 0 |6 TE02283 B38 |7 0 |9 5137 |a HOL |b HOL |c QZ |d 2024-05-22 |l 0 |o TE228.3.B38 |p 2024-0384 |r 2024-05-22 00:00:00 |t 700790 |w 2024-05-22 |y BK | ||
| 999 | |c 2553 |d 2553 | ||